Metallurgical technologies, energy conversion, and magnetohydrodynamic flows (Record no. 121230)
[ view plain ]
| 000 -LEADER | |
|---|---|
| fixed length control field | 01893nam a2200373 a 4500 |
| 245 00 - TITLE STATEMENT | |
| Title | Metallurgical technologies, energy conversion, and magnetohydrodynamic flows |
| 260 ## - PUBLICATION, DISTRIBUTION, ETC. (IMPRINT) | |
| Place of publication | Washington, D.C. : |
| Name of publisher | American Institute of Aeronautics and Astronautics, |
| Year of publication | 1993. |
| 300 ## - PHYSICAL DESCRIPTION | |
| Number of Pages | 726 p. : |
| Other physical details | ill. |
| 490 1# - SERIES STATEMENT | |
| Series statement | Progress in astronautics and aeronautics, |
| 500 ## - GENERAL NOTE | |
| General note | "Technical papers from the proceedings of the sixth Beer-Sheva International Seminar on Magnetohydrodynamic Flows and Turbulence, Ben-Gurion University of the Negev, Beer-Sheva, Israel, February 25-March 2, 1990, and subsequently revised for this volume." |
| 650 #0 - SUBJECT ADDED ENTRY--TOPICAL TERM | |
| Topical Term | Metallurgy |
| Topical Term | Direct energy conversion |
| Topical Term | Magnetohydrodynamics |
| 700 1# - ADDED ENTRY--PERSONAL NAME | |
| Personal name | Branover, Herman. |
| Personal name | Unger, Yeshajahu. |
| 856 40 - ELECTRONIC LOCATION AND ACCESS | |
| Uniform Resource Identifier | http://site.ebrary.com/lib/rucke/Doc?id=10516697 |
No items available.
